El análisis de la coyuntura en el pensamiento socialisto clásico /
Đã lưu trong:
| Tác giả chính: | |
|---|---|
| Định dạng: | Texto |
| Những chủ đề: | |
| Các nhãn: |
Thêm thẻ
Không có thẻ, Là người đầu tiên thẻ bản ghi này!
|
MARC
| LEADER | 00000 a a2200000 04500 | ||
|---|---|---|---|
| 001 | 44250 | ||
| 003 | |||
| 040 | |||
| 100 | |a López J, Sinesio | ||
| 245 | |a El análisis de la coyuntura en el pensamiento socialisto clásico / |c Sinesio López J | ||
| 650 | |a INVESTIGACION SOCIAL | ||
| 650 | |a IDEOLOGIAS | ||
| 650 | |a DOCTRINAS POLITICAS | ||
| 773 | |g volumen41, número1 ( , 1979), Páginas 23-58 | ||
| 999 | |c 32444 |d 32444 | ||
